000 00363nam a2200145Ia 4500
008 230917s9999||||xx |||||||||||||| ||und||
040 _e110549
_aMAIN
041 _aEnglish
082 _a301.441 M289P
100 _aMajumder, Bhaskar
245 0 _aPoverty, food security and sustainability
260 _aJaipur
_bRawat
_c2004
300 _a216 p.
942 _cBK
999 _c131388
_d131388